000 00428nam a2200121Ia 4500
008 171212s9999 xx 000 0 und d
020 _a9780833059307
100 _aDelpech, Thérèse
245 _cDelpech, Thérèse
_aNuclear Deterrence in the 21st Century
_bLessons from the Cold War for a New Era of Strategic Piracy
260 _bRAND Corporation
_c2012
650 _aHistory
856 _uwww.jstor.org/stable/10.7249/mg1103rc
999 _c352370
_d352370